Guess the Lyrics VII Quiz Stats

 Plays Quiz not verified by Sporcle

Challenge
Share
Tweet
Embed
Score 0/161 Timer 10:00
1 Play Today
% Correct
I
95.7%
I
95.7%
I
95.7%
I
95.7%
I
95.7%
I
95.7%
I
95.7%
I
95.7%
I
95.7%
I
95.7%
I
95.7%
I
95.7%
I
95.7%
I
95.7%
I
95.7%
I
95.7%
I
95.7%
I
95.7%
A
94.6%
A
94.6%
A
94.6%
THE
93.1%
THE
93.1%
THE
93.1%
THE
93.1%
THE
93.1%
THE
93.1%
THE
93.1%
THE
93.1%
YOU
90.2%
YOU
90.2%
YOU
90.2%
YOU
90.2%
YOU
90.2%
YOU
90.2%
YOU
90.2%
AND
85.3%
AND
85.3%
TO
82%
TO
82%
IN
80.9%
IN
80.9%
ON
78.7%
IT
78.3%
IT
78.3%
IT
78.3%
MY
74.4%
MY
74.4%
MY
74.4%
MY
74.4%
MY
74.4%
OF
71.4%
OF
71.4%
OF
71.4%
% Correct
OF
71.4%
OF
71.4%
IF
69.5%
IF
69.5%
WHAT
68.2%
WHAT
68.2%
HAVE
66.1%
HAVE
66.1%
HAVE
66.1%
HAVE
66.1%
WILL
66%
WILL
66%
WILL
66%
WILL
66%
ALL
64.2%
ALL
64.2%
ALL
64.2%
SEE
63.5%
KNOW
62%
KNOW
62%
COULD
60.2%
COULD
60.2%
COULD
60.2%
AM
58.4%
ARE
56.8%
THIS
56.5%
WAY
52.3%
WOULD
50.6%
WOULD
50.6%
BUT
50.5%
ONLY
48.3%
TIME
46.5%
MAKE
45.4%
MAKE
45.4%
DOWN
43.7%
DOWN
43.7%
FEEL
42.6%
LET
41.7%
LET
41.7%
END
40.7%
END
40.7%
AWAY
39.6%
AWAY
39.6%
AWAY
39.6%
AWAY
39.6%
STILL
39.3%
STILL
39.3%
HURT
39.1%
HURT
39.1%
HURT
39.1%
FIND
39%
THING
38.3%
HERE
38.2%
MYSELF
37.8%
% Correct
MYSELF
37.8%
THAT'S
37.1%
TODAY
36.7%
GOES
35%
GOES
35%
FRIEND
33.5%
FRIEND
33.5%
REAL
33.4%
EVERYONE
33.4%
EVERYONE
33.4%
EVERYTHING
33.3%
TRY
31.7%
RIGHT
30.6%
OLD
30%
PAIN
29.8%
BECOME
29.6%
BECOME
29.6%
DIRT
28.2%
DIRT
28.2%
EMPIRE
27.9%
EMPIRE
27.9%
KILL
26.3%
AGAIN
26%
KEEP
25.4%
FOCUS
25.2%
SWEETEST
24.1%
SWEETEST
24.1%
REMEMBER
23.5%
SOMEONE
23.1%
NEEDLE
22.5%
START
22.3%
WEAR
22.2%
TEARS
22%
THORNS
21.9%
HOLE
21.7%
CROWN
21.5%
UPON
20.2%
FAMILIAR
20.1%
MILES
19.9%
MILLION
19.8%
STING
19.5%
CANNOT
19.2%
LIAR'S
18%
CHAIR
17.8%
ELSE
17.6%
FEELINGS
17.4%
THOUGHTS
17.3%
BROKEN
17%
FULL
16.3%
BENEATH
15.6%
DISAPPEAR
15.1%
REPAIR
15%
STAINS
14.9%

You're not logged in!

Compare scores with friends on all Sporcle quizzes.
Join for Free
OR
Log In

You Might Also Like...

Show Comments

Extras

Top Quizzes Today


Score Distribution

Your Account Isn't Verified!

In order to create a playlist on Sporcle, you need to verify the email address you used during registration. Go to your Sporcle Settings to finish the process.

Report this User

Report this user for behavior that violates our Community Guidelines.

Details: